000 00952cam a2200313 a 4500
001 4523412
005 20180208042757.0
008 980310s1998 onc b 001 0 eng d
010 _a 99166523
020 _a0802008046 (bound)
020 _a080207166X (pbk.)
035 _a(OCoLC)39070335
040 _aCaOTU
_beng
_cCaOONL
_dDLC
041 _aeng
042 _alccopycat
043 _an-cn-on
055 0 1 _aRC480.5
055 3 _aRC480.5
_bS72 1998
055 0 0 _aRC480 .5
_bS73 1998
080 _a616.8914
082 0 0 _a616.8914 CAM
_221
100 _a48
101 _aPSI
245 0 0 _aStandards and guidelines for the psychotherapies /
_cedited by Paul Cameron, Jon Ennis, John Deadman.
504 _aIncludes bibliographical references and index.
906 _a7
_bcbc
_ccopycat
_d2
_encip
_f19
_gy-gencatlg
942 _2ddc
_cBK
999 _c42101
_d42101